[Event "Titled Tuesday intern op 13th Jun Early"]
[Site "Chess.com INT"]
[Date "2023.06.13"]
[Round "6"]
[White "Dyachuk, Artem"]
[Black "Fu, Yihe Rebo"]
[Result "0-1"]
[WhiteElo "2312"]
[BlackElo "2044"]
[PlyCount "108"]
[EventDate "2023.06.13"]
[EventType "swiss (blitz)"]
[EventRounds "11"]
[EventCountry "USA"]
[SourceTitle "EXT 2024"]
[Source "ChessBase"]
[SourceDate "2023.10.10"]
[SourceVersion "1"]
[SourceVersionDate "2023.10.10"]
[SourceQuality "1"]

1. Nf3 d5 2. e3 Nf6 3. b3 g6 4. Bb2 Bg7 5. c4 c6 6. cxd5 cxd5 7. Nc3 0-0 8. Rc1 Nc6 9. Be2 e5 10. d4 e4 11. Ne5 Be6 12. Nxc6 bxc6 13. Na4 Rc8 14. Nc5 Nd7 15. Na6 Qb6 16. Ba3 Rfe8 17. 0-0 h5 18. Bc5 Qb7 19. b4 Nxc5 20. bxc5 Bg4 21. Rb1 Qd7 22. Bxg4 hxg4 23. Qb3 Re7 24. Rb2 Qf5 25. g3 Qh5 26. Rfb1 g5 27. Qd1 Re6 28. Rb8 Rxb8 29. Rxb8+ Kh7 30. Qf1 f5 31. Rb7 f4 32. exf4 gxf4 33. gxf4 Qf5 34. Qg2 Qxf4 35. Qg3 Qg5 36. Nc7 Re7 37. Rb8 Bxd4 38. h4 Qc1+ 39. Kg2 Be5 40. Qxg4 Rg7 41. Qxg7+ Bxg7 42. Ne6 Qh6 43. Ng5+ Kg6 44. Kh3 Bf6 45. Rg8+ Kf5 46. Nf7 Qf4 47. Nd6+ Ke5 48. Re8+ Kd4 49. Kg2 Qf3+ 50. Kg1 Bxh4 51. Rg8 Bxf2+ 52. Kf1 Qf4 53. Ke2 Be3 54. Kd1 Qf2 0-1

[Event "Titled Tuesday intern op 23rd May Early"]
[Site "Chess.com INT"]
[Date "2023.05.23"]
[Round "4"]
[White "Koellner, Ruben Gideon"]
[Black "Fu, Yihe Rebo"]
[Result "0-1"]
[WhiteElo "2426"]
[BlackElo "2044"]
[PlyCount "56"]
[EventDate "2023.05.23"]
[EventType "swiss (blitz)"]
[EventRounds "11"]
[EventCountry "USA"]
[SourceTitle "CBM 214 Extra"]
[Source "ChessBase"]
[SourceDate "2023.07.31"]
[SourceVersion "1"]
[SourceVersionDate "2023.07.31"]
[SourceQuality "1"]

1. d4 Nf6 2. Nf3 d5 3. e3 c5 4. c3 Nc6 5. Nbd2 Qc7 6. dxc5 e5 7. b4 a5 8. Bb5 Bd7 9. Qb3 e4 10. Nd4 Ne5 11. Be2 Be7 12. Bb2 0-0 13. a3 Bg4 14. Bb5 Bd7 15. Be2 Bg4 16. f3 exf3 17. gxf3 Bh5 18. 0-0-0 Bg6 19. Nf1 axb4 20. cxb4 b6 21. Nb5 Qb8 22. f4 Neg4 23. c6 Rc8 24. c7 Rxc7+ 25. Nxc7 Qxc7+ 26. Qc3 Qd7 27. Bxg4 Qxg4 28. Nd2 Rc8 0-1

[Event "Titled Tuesday intern op 23rd May Early"]
[Site "Chess.com INT"]
[Date "2023.05.23"]
[Round "7"]
[White "Serban, Cristian Stefan"]
[Black "Fu, Yihe Rebo"]
[Result "0-1"]
[WhiteElo "2214"]
[BlackElo "2044"]
[PlyCount "52"]
[EventDate "2023.05.23"]
[EventType "swiss (blitz)"]
[EventRounds "11"]
[EventCountry "USA"]
[SourceTitle "CBM 214 Extra"]
[Source "ChessBase"]
[SourceDate "2023.07.31"]
[SourceVersion "1"]
[SourceVersionDate "2023.07.31"]
[SourceQuality "1"]

1. d4 Nf6 2. Bf4 e6 3. e3 d5 4. Nf3 c5 5. Nbd2 Bd6 6. dxc5 Bxc5 7. c4 0-0 8. Be2 Nc6 9. 0-0 Re8 10. Ne5 Bd6 11. Nxc6 bxc6 12. Bxd6 Qxd6 13. Qc2 e5 14. Rfd1 e4 15. cxd5 cxd5 16. Bb5 Bd7 17. Bxd7 Qxd7 18. Nb3 Qg4 19. Nd4 Rac8 20. Qd2 Qh4 21. h3 Qg5 22. Rdc1 Nd7 23. b4 Ne5 24. Rxc8 Rxc8 25. Rc1 Rd8 26. Nc6 Nf3+ 0-1

[Event "Oceania zt 3.6"]
[Site "Melbourne"]
[Date "2023.01.25"]
[Round "5"]
[White "Fu, Yihe Rebo"]
[Black "Kethro, Michael"]
[Result "1-0"]
[WhiteElo "2149"]
[BlackElo "2149"]
[PlyCount "65"]
[EventDate "2023.01.23"]
[EventType "swiss"]
[EventRounds "9"]
[EventCountry "AUS"]
[SourceTitle "CBM 212 Extra"]
[Source "ChessBase"]
[SourceDate "2023.03.31"]
[SourceVersion "1"]
[SourceVersionDate "2023.03.31"]
[SourceQuality "1"]

1. e4 c5 2. Nf3 e6 3. d4 cxd4 4. Nxd4 Nc6 5. Nc3 Qc7 6. Be3 a6 7. Qd2 Nf6 8. f3 Be7 9. 0-0-0 b5 10. Nxc6 dxc6 11. g4 e5 12. h4 Be6 13. Qf2 0-0 14. g5 Nh5 15. Bh3 Bxh3 16. Rxh3 Qc8 17. Rhh1 Qe6 18. Kb1 g6 19. Ne2 Rad8 20. Ng3 Nf4 21. Bxf4 exf4 22. Ne2 Rxd1+ 23. Rxd1 f6 24. Qa7 fxg5 25. Rd7 Bf6 26. hxg5 Be5 27. Rd3 Bh8 28. Qxa6 Qe5 29. c3 Qc5 30. Qb7 Be5 31. Qd7 Rb8 32. Qe6+ Kf8 33. Rd7 1-0

[Event "Eastern Asia-ch U14"]
[Site "Tornelo INT"]
[Date "2021.10.31"]
[Round "9"]
[White "Fu, Yihe Rebo"]
[Black "Cheng, Justin Hong Chen"]
[Result "1-0"]
[WhiteElo "1853"]
[BlackElo "1344"]
[PlyCount "65"]
[EventDate "2021.10.29"]
[EventType "swiss"]
[EventRounds "9"]
[EventCountry "NET"]
[SourceTitle "EXT 2023"]
[Source "ChessBase"]
[SourceDate "2022.10.05"]
[SourceVersion "1"]
[SourceVersionDate "2022.10.05"]
[SourceQuality "1"]

1. e4 c5 2. Nf3 e6 3. d4 cxd4 4. Nxd4 a6 5. Bd3 Nf6 6. 0-0 Qc7 7. Qe2 d6 8. c4 Be7 9. Nc3 0-0 10. Be3 Nbd7 11. f4 b6 12. g4 Bb7 13. g5 Ne8 14. h4 Rd8 15. h5 Nc5 16. Bc2 d5 17. cxd5 exd5 18. e5 Ne4 19. Nxe4 dxe4 20. Nf5 Bc5 21. Rac1 Bxe3+ 22. Qxe3 Qd7 23. Bxe4 Bxe4 24. Qxe4 g6 25. Nh6+ Kg7 26. hxg6 fxg6 27. e6 Qd4+ 28. Qxd4+ Rxd4 29. f5 Re4 30. f6+ Nxf6 31. Rc7+ Kh8 32. Rxf6 Re8 33. Rff7 1-0

[Event "Eastern Asia-ch U14"]
[Site "Tornelo INT"]
[Date "2021.10.29"]
[Round "2"]
[White "Fu, Yihe Rebo"]
[Black "Akkarakaran, John Veny"]
[Result "1/2-1/2"]
[WhiteElo "1853"]
[BlackElo "1376"]
[PlyCount "84"]
[EventDate "2021.10.29"]
[EventType "swiss"]
[EventRounds "9"]
[EventCountry "NET"]
[SourceTitle "EXT 2023"]
[Source "ChessBase"]
[SourceDate "2022.10.05"]
[SourceVersion "1"]
[SourceVersionDate "2022.10.05"]
[SourceQuality "1"]

1. e4 e6 2. d4 d5 3. e5 c5 4. c3 Nc6 5. Nf3 Qb6 6. a3 Nh6 7. Bd3 cxd4 8. cxd4 Nf5 9. Bxf5 exf5 10. Nc3 Be6 11. b4 Be7 12. 0-0 0-0 13. Na4 Qd8 14. Bd2 Rc8 15. Nc5 Bxc5 16. dxc5 d4 17. b5 Ne7 18. Bb4 Bc4 19. Re1 Bxb5 20. Nxd4 Bc6 21. a4 Qd5 22. Nxc6 Rxc6 23. Qe2 Rg6 24. Qf1 Nc6 25. Ba3 Nxe5 26. Rad1 Nf3+ 27. Kh1 Rh6 28. h3 Qc6 29. Re3 Ng5 30. Rd6 Rxd6 31. cxd6 f4 32. Rd3 Rd8 33. Qe1 Ne6 34. Qa5 Qe4 35. Rb3 Qc2 36. Rxb7 Qxf2 37. Qxa7 Nd4 38. Rb8 Qe1+ 39. Kh2 Qg3+ 40. Kh1 Qe1+ 41. Kh2 Qg3+ 42. Kh1 Qe1+ 1/2-1/2